Electrical power system

Պահպանված է:
Մատենագիտական մանրամասներ
Հիմնական հեղինակ: HUSAIN, Ashfaq
Ձևաչափ: Գիրք
Լեզու:անգլերեն
Հրապարակվել է: CBS Publishers 2007
Ցուցիչներ: Ավելացրեք ցուցիչ
Չկան պիտակներ, Եղեք առաջինը, ով նշում է այս գրառումը!

MARC

LEADER 00000nam a22000007a 4500
008 240226b |||||||| |||| 00| 0 eng d
020 |a 8128914482 
100 |a HUSAIN, Ashfaq 
245 |a Electrical power system  |c /Ashfaq Husain  |g xxii,694p;ill 
250 |b 5th  
260 |b CBS Publishers  |c 2007  |h New Delhi  |i 701573  |i 701574  |l TK1001.H95  |m Electric power systems  |m Electric power distribution  |m Electric power production 
500 |a it includes index 
942 |a lcc  |c BK  |e Johnson  |f 26/02/24 
952 |0 0  |1 0  |2 lcc  |4 0  |6 TK1001 H95  |7 0  |9 4894  |a TL  |b HOL  |c QZ  |d 2024-02-26  |l 0  |o TK1001.H95  |p 2024-0145  |r 2024-02-26 00:00:00  |t 701573  |w 2024-02-26  |y BK 
952 |0 0  |1 0  |2 lcc  |4 0  |6 TK1001 H95  |7 0  |9 4895  |a HOL  |b HOL  |c QZ  |d 2024-02-26  |l 0  |o TK1001.H95  |p 2024-0146  |r 2024-02-26 00:00:00  |t 701574  |w 2024-02-26  |y BK 
999 |c 2434  |d 2434